Mujeres y Hombres : la impia rebelion / (Record no. 93548)

MARC details
000 -LEADER
fixed length control field 00578cam a2200217 4500
008 - FIXED-LENGTH DATA ELEMENTS--GENERAL INFORMATION
fixed length control field 1994 spa
020 ## - INTERNATIONAL STANDARD BOOK NUMBER
International Standard Book Number 84-239-7787-0
050 #4 - LIBRARY OF CONGRESS CALL NUMBER
Classification number HG535
Item number R5 1999
100 1# - MAIN ENTRY--PERSONAL NAME
Personal name Riviere, Margarita
245 #0 - TITLE STATEMENT
Title Mujeres y Hombres : la impia rebelion /
Statement of responsibility, etc Margarita Riviere, Salvador Giner.
260 ## - PUBLICATION, DISTRIBUTION, ETC. (IMPRINT)
Place of publication, distribution, etc España :
Name of publisher, distributor, etc Espasa,
Date of publication, distribution, etc 1999
300 ## - PHYSICAL DESCRIPTION
Extent 184 p.
500 ## - GENERAL NOTE
General note 1 ejem.
505 ## - FORMATTED CONTENTS NOTE
Formatted contents note BFIL
650 #4 - SUBJECT ADDED ENTRY--TOPICAL TERM
Topical term or geographic name as entry element Clases Sociales
650 #4 - SUBJECT ADDED ENTRY--TOPICAL TERM
Topical term or geographic name as entry element Sociedad
700 1# - ADDED ENTRY--PERSONAL NAME
Personal name Giner, Salvador,
Relator term coaut.
942 ## - ADDED ENTRY ELEMENTS (KOHA)
Source of classification or shelving scheme Biblioteca del Cogreso de los Estados Unidos
Koha item type Libro
Holdings
Estado de pérdida Fuente de clasificación Estado del daño No para préstamo Ubicación permanente Ubicación actual Apartado o colección Fecha de adquisición Edición Dependencia de educación superior (DES) Área del conocimiento Clasificación Código de Barras Date last seen Número de copia Tipo de recurso
  Biblioteca del Cogreso de los Estados Unidos     Biblioteca de la Facultad de Filosofía Biblioteca de la Facultad de Filosofía General 26/08/2015 1a. ed. Humanidades Educación y Humanidades HG 535 R5 1999 BFF000012423 26/08/2015 C:1 Libro